Partnership boost for businesses (Record no. 70294)
[ view plain ]
| 000 -LEADER | |
|---|---|
| fixed length control field | 01163cam a2200217 4500 |
| 001 - CONTROL NUMBER | |
| control field | WB3819-07 |
| 008 - FIXED-LENGTH DATA ELEMENTS--GENERAL INFORMATION | |
| fixed length control field | 020520n2002 000 0 eng u |
| 035 ## - SYSTEM CONTROL NUMBER | |
| System control number | (Sirsi) u118051 |
| 245 ## - TITLE STATEMENT | |
| Title | Partnership boost for businesses |
| 260 ## - PUBLICATION, DISTRIBUTION, ETC. | |
| Date of publication, distribution, etc. | 2002 |
| 490 ## - SERIES STATEMENT | |
| Series statement | DTI Press Release |
| Volume/sequential designation | (P/2002/306) 17 May 2002, (3) |
| 520 ## - SUMMARY, ETC. | |
| Summary, etc. | DTI commissioned research by the Policy Studies Institute reveals that partnership between management and unions can improve companies' financial performance in struggling markets. The study was conducted to establish whether different kinds of collective bargaining arrangements had different effects on workplace performance and is based on interviews with managers and employers. "Collective bargaining and workplace performance" is available at http://www.dti.gov.uk/er/emar/collective.pdf. http://www.nds.coi.gov.uk/coi/coipress.nsf/2b45e1e3ffe090ac802567350059d840/cf38b4288cb7eedd80256bbc004f1fa5?OpenDocument |
| 590 ## - LOCAL NOTE (RLIN) | |
| Local note | WB |
| 650 ## - SUBJECT ADDED ENTRY--TOPICAL TERM | |
| Topical term or geographic name entry element | PARTNERSHIP |
| 650 ## - SUBJECT ADDED ENTRY--TOPICAL TERM | |
| Topical term or geographic name entry element | WORKPLACE |
| 650 ## - SUBJECT ADDED ENTRY--TOPICAL TERM | |
| Topical term or geographic name entry element | TRADE UNIONS |
| 650 ## - SUBJECT ADDED ENTRY--TOPICAL TERM | |
| Topical term or geographic name entry element | MANAGEMENT |
| 650 ## - SUBJECT ADDED ENTRY--TOPICAL TERM | |
| Topical term or geographic name entry element | EMPLOYMENT RELATIONS |
| 690 ## - LOCAL SUBJECT ADDED ENTRY--TOPICAL TERM (OCLC, RLIN) | |
| Topical term or geographic name as entry element | MANAGEMENT-BUSINESS MANAGEMENT |
| 942 ## - ADDED ENTRY ELEMENTS (KOHA) | |
| Suppress in OPAC | 0 |
| Withdrawn status | Lost status | Source of classification or shelving scheme | Damaged status | Not for loan | Home library | Current library | Shelving location | Date acquired | Total Checkouts | Full call number | Barcode | Date last seen | Copy number | Price effective from | Koha item type |
|---|---|---|---|---|---|---|---|---|---|---|---|---|---|---|---|
| Dewey Decimal Classification | London | London | News article | 24/05/2002 | WB3819-07 | 118051-1001 | 06/08/2019 | 1 | 06/08/2019 | News article |